ბათუმის შოთა რუსთაველის სახელმწიფო უნივერსიტეტის ბიბლიოთეკა

მმართველობითი აღრიცხვა წიგნი F 2 : საგამოცდო სავარჯიშოები : (ბიბ.ჩანაწერი № 54800)

000 -ლიდერი
ფიქსირებული სიგრძის საკონტროლო ველი 02238nam a2200337Ia 4500
001 - საკონტროლო ნომერი
საკონტროლო ველი 21869
003 - საკონტროლო ნომრის იდენტიფიკატორი
საკონტროლო ველი GE_BSU
005 - ბოლო ოპერაციის თარიღი და დრო
საკონტროლო ველი 20220616161353.0
008 - ფიქსირებული სიგრძის მონაცემთა ელემენტები - ზოგადი ინფორმაცია
ფიქსირებული სიგრძის საკონტროლო ველი 181216s ||||ge |||||||||||||| ||geo||
020 ## - წიგნის საერთაშორისო სტანდარტული ნომერი
International Standard Book Number 9781847102768(ინგლ. გამოცემის)
040 ## - კატალოგიზაციის წყარო
Transcribing agency GE_BSU
041 ## - ენის კოდი
Language code of text/sound track or separate title geo
080 ## - უნივერსალური ათობითი კლასიფიკაციის ინდექსი
Universal Decimal Classification number 657.15(076.1) მ-30
245 ## - ცნობა სათაურის შესახებ
Title მმართველობითი აღრიცხვა წიგნი F 2 : საგამოცდო სავარჯიშოები :
Remainder of title პროფესიული გამოცდები /
Statement of responsibility, etc წიგნის თარგმანზე და გამოცემაზე მუშაობდნენ : პროექტის ხელმძღვანელი ლ. ჭუმბურიძე ; პროექტ. კოორდ. კ. დათიაშვილი ; მთარგმნ. ბ. ალავერდაშვილი ; რედ. ი. გიაშვილივილი, ნ. ბოლოკაძე, მ. გველესიანი.
264 ## - წარმოების, გამოცემის, დისტრიბუციის და სხვა ცნობები
გამოცემის, წარმოების, დისტრიბუციის... ადგილი თბილისი :
გამოცემის, წარმოების, დისტრიბუციის... სახელწოდება დანი,
გამოცემის, წარმოების, დისტრიბუციის... თარიღი 2016.
300 ## - ფიზიკური აღწერა
Extent 154 გვ. ;
Dimensions 29 სმ.
490 ## - სერიის ცნობა
Series statement ACCA ინგლისისა და უელსის ნაფიც სერტიფიცირებულ ბუღალტერთა ასოციაცია
653 ## - INDEX TERM--UNCONTROLLED
Uncontrolled term ბუღალტერია
653 ## - INDEX TERM--UNCONTROLLED
Uncontrolled term ეკონომიკა
653 ## - INDEX TERM--UNCONTROLLED
Uncontrolled term მმართველობითი აღრიცხვა
653 ## - INDEX TERM--UNCONTROLLED
Uncontrolled term წიგნი F 2
653 ## - INDEX TERM--UNCONTROLLED
Uncontrolled term საგამოცდო სავარჯიშოები
653 ## - INDEX TERM--UNCONTROLLED
Uncontrolled term პროფესიული გამოცდები
700 ## - ADDED ENTRY--PERSONAL NAME
Personal name ჭუმბურიძე, ლ.
Relator term პროექტის ხელმძღვანელი
9 (RLIN) 14123
700 ## - ADDED ENTRY--PERSONAL NAME
Personal name ალავერდაშვილი, ბ.
Relator term მთარგმნელი
9 (RLIN) 14086
700 ## - ADDED ENTRY--PERSONAL NAME
Personal name გიაშვილი, ი.
Relator term რედაქტორი
9 (RLIN) 14106
700 ## - ADDED ENTRY--PERSONAL NAME
Personal name ბოლოკაძე, ნ.
Relator term რედაქტორი
9 (RLIN) 14107
700 ## - ADDED ENTRY--PERSONAL NAME
Personal name გველესიანი, მ.
Relator term რედაქტორი
9 (RLIN) 14108
942 ## - ADDED ENTRY ELEMENTS (KOHA)
Koha item type წიგნი
Source of classification or shelving scheme
ეგზემპლარები
ჩამოწერის სტატუსი დაკარგული ეგზემპლარის სტატუსი კლასიფიკაციის წყარო ან თაროზე გაწყობის სქემა დაზიანების სტატუსი არ გაიცემა მუდმივი მდებარეობა (დაცვის ადგილი) ამჟამინდელი ადგილსამყოფელი თაროზე განთავსების ადგილი შეძენის თარიღი ღირებულება, შესყიდვის ნორმალური ფასი სრული შენახვის შიფრი შტრიხკოდი ბოლო ოპერაციის თარიღი ეგზემპლარის მიმდევრობითი ნომერი (კეტერი?) ფასის ძალაში შესვლის თარიღი ეგზემპლარის სახეობა საჯარო შენიშვნა
          ბათუმის შოთა რუსთაველის სახელმწიფო უნივერსიტეტის მთავარი ბიბლიოთეკა ბათუმის შოთა რუსთაველის სახელმწიფო უნივერსიტეტის მთავარი ბიბლიოთეკა წიგნსაცავი 2018-12-17 29.50 657.15(076.1) მ-30 56497 2018-12-17 56497 2018-12-17 წიგნი 29
          ბათუმის შოთა რუსთაველის სახელმწიფო უნივერსიტეტის მთავარი ბიბლიოთეკა ბათუმის შოთა რუსთაველის სახელმწიფო უნივერსიტეტის მთავარი ბიბლიოთეკა წიგნსაცავი 2018-12-17 29.50 657.15(076.1) მ-30 56498 2018-12-17 56498 2018-12-17 წიგნი 29.50 ₾.
          ბათუმის შოთა რუსთაველის სახელმწიფო უნივერსიტეტის მთავარი ბიბლიოთეკა ბათუმის შოთა რუსთაველის სახელმწიფო უნივერსიტეტის მთავარი ბიბლიოთეკა წიგნსაცავი 2018-12-17 29.50 657.15(076.1) მ-30 56499 2018-12-17 56499 2018-12-17 წიგნი 29.50 ₾.
          ბათუმის შოთა რუსთაველის სახელმწიფო უნივერსიტეტის მთავარი ბიბლიოთეკა ბათუმის შოთა რუსთაველის სახელმწიფო უნივერსიტეტის მთავარი ბიბლიოთეკა წიგნსაცავი 2018-12-17 29.50 657.15(076.1) მ-30 56500 2018-12-17 56500 2018-12-17 წიგნი 29.50 ₾.
          ბათუმის შოთა რუსთაველის სახელმწიფო უნივერსიტეტის მთავარი ბიბლიოთეკა ბათუმის შოთა რუსთაველის სახელმწიფო უნივერსიტეტის მთავარი ბიბლიოთეკა წიგნსაცავი 2018-12-17 29.50 657.15(076.1) მ-30 56501 2018-12-17 56501 2018-12-17 წიგნი 29.50 ₾.